书目信息 |
| 题名: |
聋校语文读与写
|
|
| 作者: | 李岩 , 孔玲 主编 | |
| 分册: | ||
| 出版信息: | 天津 天津教育出版社 2014.01 |
|
| 页数: | 349页 | |
| 开本: | 24cm | |
| 丛书名: | 悠缘特教各地特教系列 | |
| 单 册: | ||
| 中图分类: | G762.2 | |
| 科图分类: | ||
| 主题词: | 聋哑学校--阅读课--教学研究 , 聋哑学校--作文课--教学研究 , 聋哑学校 , 阅读课 , 教学研究 , 作文课 | |
| 电子资源: | ||
| ISBN: | 978-7-5309-7406-3 | |
| 000 | 01168oam2 2200337 450 | |
| 001 | 0108153915 | |
| 005 | 20210308154403.0 | |
| 010 | @a978-7-5309-7406-3@dCNY46.00 | |
| 100 | @a20140727d2014 em y0chiy50 ea | |
| 101 | 0 | @achi |
| 102 | @aCN@b120000 | |
| 105 | @aa z 000yy | |
| 106 | @ar | |
| 200 | 1 | @a聋校语文读与写@Along xiao yu wen du yu xie@f李岩, 孔玲主编 |
| 210 | @a天津@c天津教育出版社@d2014.01 | |
| 215 | @a349页@c图, 照片@d24cm | |
| 225 | 2 | @a悠缘特教各地特教系列@i走进山东特教丛书@f李淑英总主编 |
| 330 | @a本书分为阅读教学、写作教学两篇,具体内容包括:阅读教学概述、课文教学、阅读教学的备课与课堂教学、课外阅读教学、写作教学概述、低年级句子教学、中高年级写作教学、作文评改课、作文评估等。 | |
| 461 | 0 | @12001 @a悠缘特教各地特教系列 |
| 462 | 0 | @12001 @a走进山东特教丛书 |
| 606 | 0 | @a聋哑学校@x阅读课@x教学研究 |
| 606 | 0 | @a聋哑学校@x作文课@x教学研究 |
| 606 | 0 | @a聋哑学校 |
| 606 | 0 | @a阅读课 |
| 606 | 0 | @a教学研究 |
| 606 | 0 | @a作文课 |
| 690 | @aG762.2@v5 | |
| 701 | 0 | @a李岩@Ali yan@4主编@c(女,特殊教育) |
| 701 | 0 | @a孔玲@Akong ling@4主编@c(特殊教育) |
| 801 | 0 | @aCN@bBJSZM@c20210308 |
| 905 | @b1272923-6@dG762.2@e267@f4 | |
| 聋校语文读与写/李岩, 孔玲主编.-天津:天津教育出版社,2014.01 |
| 349页:图, 照片;24cm.-(悠缘特教各地特教系列.走进山东特教丛书/李淑英总主编) |
| ISBN 978-7-5309-7406-3:CNY46.00 |
| 本书分为阅读教学、写作教学两篇,具体内容包括:阅读教学概述、课文教学、阅读教学的备课与课堂教学、课外阅读教学、写作教学概述、低年级句子教学、中高年级写作教学、作文评改课、作文评估等。 |
| ● |
| 相关链接 |
|
|
|
|
正题名:聋校语文读与写
索取号:G762.2/267
 
预约/预借
| 序号 | 登录号 | 条形码 | 馆藏地/架位号 | 状态 | 备注 |
| 1 | 1272923 | 212729234 | 第一样本阅览室/ [索取号:G762.2/267] | 在馆 | |
| 2 | 1272924 | 212729243 | 教育系资料室/ [索取号:G762.2/267] | 在馆 | |
| 3 | 1272925 | 212729252 | 教育系资料室/ [索取号:G762.2/267] | 在馆 | |
| 4 | 1272926 | 212729261 | 第四借阅区/ [索取号:G762.2/267] | 在馆 |